1520 1139 1825 1058 1979 1805 1718 1549 1647 1487 1715 1872 1661 1118 1649 1468 1928 1555 1524 1402 1796 1614 1346 1128 1938 1675 1748 1477 1629 1358 1942 1447 1435 1621 1614 1463 1229 1925 1238 1568 1668 1829 1789 1825 1902 1695 1009 1713 1143 1405 1356 1167 1944 1160 1144 1358 1971 1229 1493 1177 1236 1238 1014 1692 1284 1915 1964 1226 1174 1089 1115 1131 1635 1846 1414 1523 1895 1898 1711 1066 1686 1636 1063 1557 1248 1557 1093 1449 1048 1857 1317 1113 1140 1121 1600 1847 1169 1936 1343 BCNSPRNW ULIB Ver.6.0+V

เปลี่ยนเป็นภาษาไทย

Change to English
 แสดงรายละเอียดบรรณานุกรม
  กลับหน้าหลัก

Brief Record : Get Marc (ISO 2709) : E-mail record : QR code < ปิดหน้าต่าง
LEADER : 00000nam 2200000uu 4500
001    13399108893
003     ULIB
008    110316s||||||||th 000 0 tha d
020    9789741064250
060 04 WY87^bว849ท 2551
245 00 ทักษะการสื่อสารเพื่อความเป็นเลิศด้านบริการทางการแพทย์ =^bCommunication skills training center /^cบรรณาธิการ, วีระศักดิ์ ชลไชยะ ... [และคนอื่นๆ]
246 31 Communication skills training center
260    กรุงเทพฯ :^bภาควิชากุมารเวชศาสตร์ คณะแพทยศาสตร์จุฬาลงกรณ์มหาวิทยาลัย,^c2551
300    [10], 334 หน้า :^bภาพประกอบ ;^c21 ซม.
650  7 การสื่อสาร
650  7 การสื่อสารทางการแพทย์
700 0  วีระศักดิ์ ชลไชยะ,^eบรรณาธิการ
710 2   จุฬาลงกรณ์มหาวิทยาลัย. ^bภาควิชากุมารเวชศาสตร์
945    ^p220^l0^i024205
945    ^p220^l0^i024409
945    ^p220^l0^i026392
945    ^p220^l0^i026391
945    ^p220^l0^i026390
995    เกษร
999 ^a ใช้งานได้ทุกระบบ
รายการนี้ยังไม่มีแท็ก
คุณยังไม่ได้ล็อกอิน คุณสามารถมีกิจกรรมร่วมกับเว็บไซต์ได้ แต่ต้องล็อกอินก่อน ::
  ล็อกอิน

รายการสื่อสารสนเทศ

ลำดับที่ ประเภท เลขเรียก/บาร์โค้ด สถานที่ สถานะ
- ไม่พบข้อมูล -

รายการใกล้เคียง
    หัวเรื่อง [การสื่อสาร]
    หัวเรื่อง [การสื่อสารทางการแพทย์]

BibComment


ยังไม่เคยถูกคอมเมนท์

คอมเมนท์ทรัพยากรรายการนี้
  คอมเมนท์: ทักษะการสื่อสารเพ..


 Copyright 2026. Bcnsprnw @Library